00341nam a22000977a 4500082001200000100001800012245011100030260004100141650002400182700003700206 a200 THE aWALEED HAYAT  aTH-SOF-1553-An analysis of factors affecting the performance of projects in Oil and Gas Sector of Pakistan aISLAMABADbNUST COLLEGE OF EMEc2018 aMS-EM-9 MSTHESIS  aADVISOR DR. TASWEER HUSSAIN SHAH